000 02336nam a2200361 4500
003 EC-UNACH
005 20250625162904.0
006 s||||gr|||| 00| 00
008 150116t9999 mx r gr 000 0 spa d
020 _a9789978109298
040 _aEC-UNACH
_cEC-UNACH
041 _aspa
082 0 4 _223
_a304.8
_bL017821
110 _aUniversidad Politécnica Salesiana (UPS)
245 _aSociología de las migraciones. Perspectiva iberoamericana
250 _aPrimera edición
264 _aCuenca - Ecuador
_bUPS / ABDA YALA
_c2023
300 _a296 páginas
_bTablas, Figuras
_c15 X 21 cm
505 _aIntroducción -- CAPÍTULO 1. Construcción de políticas públicas asociadas a la migración venezolana en Colombia: caso Arauca -- CAPÍTULO 2. Lucro humanitario, supervivencia y migración en el sur global -- CAPÍTULO 3. ¿Migrantes virtuales? La comunidad de Papers, Please a través de internet -- CAPÍTULO 4. La movilidad humana: desafíos para el planeamiento educativo -- CAPÍTULO 5. Migración y el sistema de bienestar mínimo en la región -- CAPÍTULO 6. La constitución del espacio social por la migración estudiantil: una mirada a partir de los estudiantes brasileños en Portugal -- CAPÍTULO 7. Encuadres mediáticos en debate sobre la Ley de Migración y Extranjería (2018-2021) -- CAPÍTULO 8. Asertividad y valoración de Encuadres mediáticos en debate sobre la Ley de Migración y Extranjería (2018-2021) -- CAPÍTULO 8. Asertividad y valoración de la diversidad en migraciones nacionales y globales -- CAPÍTULO 9. La discriminación laboral en los Estados Unidos: el caso de los hispanos/latinos -- CAPÍTULO 10. Narrativas de crisis migratoria: odio y securitización en la frontera EUA-México -- CAPÍTULO 11. Dinámicas migratorias y transformaciones urbanas en una ciudad intermedia de Argentina.
650 _aCOLOMBIA
650 _aMIGRACIÓN VENEZOLANA
650 _a¿MIGRANTES VIRTUALES?
650 _aDIVERSIDAD EN MIGRACIONES
650 _aTRANSFORMACIONES URBANAS
653 _aJames Loucky
700 _aToukoumidis-Torres Ángel
700 _aChiguano Pallo Moises
700 _aCarmona Javiera
942 _2ddc
_c1
999 _c13609